| 000 | 00395nam a22001457a 4500 | ||
|---|---|---|---|
| 005 | 20200611092219.0 | ||
| 008 | 200611b xxu||||| |||| 00| 0 eng d | ||
| 082 | _a345.4 AIR | ||
| 110 |
_aA.I.R. INDIA REPORTER _95951 |
||
| 245 | _aA.I.R. INDIA REPORTER [ VOL-65] KARNATAKA SECTION | ||
| 260 |
_aBOMBAY _bA.I.R. INDIA REPORTER, PVT.LTD. |
||
| 300 | _a416;p | ||
| 650 |
_aLAW _95701 |
||
| 942 | _cJRL | ||
| 999 |
_c7012 _d7010 |
||